| 000 | 00410pam a2200169 a 4500 | ||
|---|---|---|---|
| 020 | _c | ||
| 041 | _h | ||
| 082 | _a641.5 | ||
| 100 |
_aBAHADUR K.P. _eAuthor |
||
| 245 |
_aCASTE TRIBE & CULTURE OF INDIA.VOL -5 UTTER PRADESH _cBAHADUR K.P. _hTextual Documents |
||
| 250 | _a1st | ||
| 260 |
_aNew Delhi _bEss Ess Pub |
||
| 300 | _a119 | ||
| 653 | _afood Producation | ||
| 700 | _eCo-Author | ||
| 930 | _a634 | ||
| 999 |
_c228035 _d228035 |
||